| Tag |
First Indicator |
Second Indicator |
Subfields |
| LEADER |
00000cam a22000001a 4500 |
| 001 |
in00003781428 |
| 005 |
20190408184737.0 |
| 006 |
m o d f |
| 007 |
cr bn mmmapmmp |
| 008 |
141211s1913 dcu o f000 0 eng d |
| 035 |
|
|
|a ebd1910511138
|
| 040 |
|
|
|a UMI
|c UMI
|d UtOrBLW
|
| 086 |
0 |
|
|a A 22.3:45
|
| 099 |
|
|
|a A22.3-45
|
| 110 |
1 |
|
|a United States.
|b Department of Agriculture.
|0 http://id.loc.gov/authorities/names/n79008243
|
| 245 |
1 |
0 |
|a Data for use in designing culverts and short-span bridges.
|
| 264 |
|
1 |
|a [Washington] :
|b GPO,
|c 1913.
|
| 300 |
|
|
|a 1 online resource (39+illus. pages)
|
| 336 |
|
|
|a text
|b txt
|2 rdacontent
|
| 337 |
|
|
|a computer
|b c
|2 rdamedia
|
| 338 |
|
|
|a online resource
|b cr
|2 rdacarrier
|
| 490 |
0 |
|
|a Public Roads Office Bull. No. 45
|
| 533 |
|
|
|a Electronic reproduction.
|b [Bethesda, Md.] :
|c ProQuest,
|d 2014.
|e digital, PDF file.
|n ProQuest U.S. Executive Branch Documents
|n Mode of access: World Wide Web via ProQuest website.
|
| 588 |
|
|
|a Record is based on online resource; title from PDF title page (ProQuest, last viewed Dec. 2014). Reuse except for individual research requires license from ProQuest, LLC.
|
| 500 |
|
|
|a Electronic resource.
|
| 650 |
|
0 |
|a Bridges.
|0 http://id.loc.gov/authorities/subjects/sh85016829
|
| 650 |
|
0 |
|a Cement.
|0 http://id.loc.gov/authorities/subjects/sh85021731
|
| 650 |
|
0 |
|a Mine drainage.
|0 http://id.loc.gov/authorities/subjects/sh85085500
|
| 650 |
|
0 |
|a Quarries and quarrying.
|0 http://id.loc.gov/authorities/subjects/sh85109481
|
| 655 |
|
7 |
|a Electronic books.
|2 local
|
| 856 |
4 |
0 |
|u http://proxy.library.tamu.edu/login?url=http://congressional.proquest.com/congressional/docview/t66.d71.a22.3-45
|z Connect to the full text of this electronic document
|t 0
|
| 999 |
f |
f |
|s 270fce55-63fb-32ee-aaba-9511a3c06825
|i 9b3870f1-0d4c-32a1-9b6e-3da5f57bb999
|t 0
|
| 952 |
f |
f |
|a Texas A&M University
|b College Station
|c Electronic Resources
|d Available Online
|t 0
|h No information provided
|
| 998 |
f |
f |
|t 0
|l Available Online
|